Central Library OPAC University of Rajshahi

Memoirs of childhood and youth / (Record no. 57181)

MARC details
000 -LEADER
fixed length control field 00713nam a2200229 a 4500
001 - CONTROL NUMBER
control field 57181
003 - CONTROL NUMBER IDENTIFIER
rucl marc code BD-RjUL
005 - DATE AND TIME OF LATEST TRANSACTION
control field 20211209080457.0
008 - FIXED-LENGTH DATA ELEMENTS--GENERAL INFORMATION
fixed length control field 161206s19561924enk||||| |||| 00| 0 eng d
035 ## - SYSTEM CONTROL NUMBER
System control number (BD-RjUL)57305
040 ## - CATALOGING SOURCE
Original cataloging agency BD-RjUL
Language of cataloging eng
Transcribing agency BD-RjUL
Modifying agency BD-RjUL
041 ## - LANGUAGE CODE
Language code of text/sound track or separate title eng
082 ## - DEWEY DECIMAL CLASSIFICATION NUMBER
Edition number 23
Classification number 610.695
Author mark and year SCM 1956
100 1# - MAIN ENTRY--PERSONAL NAME
Personal name Schweitzer, Albert.
9 (RLIN) 169835
245 ## - TITLE STATEMENT
Title Memoirs of childhood and youth /
Statement of responsibility, etc. Albert Schweitzer, Translated by C. T. Campion
260 ## - PUBLICATION, DISTRIBUTION, ETC. (IMPRINT)
Place of publication, distribution, etc. London :
Name of publisher, distributor, etc. G. Allen & Unwin,
Date of publication, distribution, etc. c1924 [ impression 1956 ]
300 ## - PHYSICAL DESCRIPTION
Pagination 108 p. ;
Size 18 cm.
600 ## - SUBJECT ADDED ENTRY--PERSONAL NAME
Personal name Schweitzer, Albert.
Chronological subdivision 1875-1965.
650 ## - SUBJECT ADDED ENTRY--TOPICAL TERM
Topical term or geographic name as entry element Physicians
9 (RLIN) 169467
700 ## - ADDED ENTRY--PERSONAL NAME
Personal name Campion, C. T.
942 ## - ADDED ENTRY ELEMENTS (KOHA)
Source of classification or shelving scheme Dewey Decimal Classification
Koha item type Books
Holdings
Lost status Source of classification or shelving scheme Damaged status Not for loan Collection code Permanent Location Current Location Shelving location Date acquired Source of acquisition Cost, normal purchase price Total Checkouts Full call number Date last seen Copy number Koha item type
  Dewey Decimal Classification   Not For Loan Non-fiction Central Library, University of Rajshahi Central Library, University of Rajshahi Reading Room 09/05/1958 zeitlinger 4.00   610.695 SCM 1956 06/12/2016 C-1 Books